Pokročilé metódy manažérskeho rozhodovania diplomová práca

Na minha lista:
Detalhes bibliográficos
Autor principal: Klimová, Martina
Autor Corporativo: Fakulta podnikového manažmentu EU. Katedra manažmentu
Outros Autores: Jankelová, Nadežda, 1966-
Formato: Livro
Idioma:eslovaco
Publicado em: Bratislava 2023
Tags: Adicionar Tag
Sem tags, seja o primeiro a adicionar uma tag!

MARC

LEADER 00000nbm a2200000 4500
001 0293586
005 20240514131012.9
041 0 |a slo 
044 |a SK 
245 1 0 |a Pokročilé metódy manažérskeho rozhodovania  |b diplomová práca  |c Martina Klimová ; školiteľ: Nadežda Jankelová 
264 1 |a Bratislava  |c 2023 
300 |a 54 s. 
100 1 |a Klimová, Martina 
700 1 |a Jankelová, Nadežda, 1966- 
710 2 |a Fakulta podnikového manažmentu EU. Katedra manažmentu